Prime One piece - Statistiques

Statistiques générales
  • Ce quiz a été pris 305 fois
  • Le résultat moyen est 35 sur 62
Statistiques - réponses
Prime Personnage % Correct
5.564.800 B Gol D. Roger
97%
3.000.000 B Monkey D. Luffy
97%
4.388.000 B Big mom
96%
5.046.000 B Edward Newgate
96%
4.611.100 B Kaido
96%
4.048.900 B Shanks
96%
3.996.000 B Marshall D. Teach
92%
1.111.000 B Roronoa Zoro
92%
3.189.000 B Baggy
91%
1.032.000 B Vinsmoke Sanji
91%
3.000.000 B Trafalgar D. Water Law
89%
3.590.000 B Mihawk
88%
3.000.000 B Eustass Kid
87%
1.965.000 B Crocodile
86%
1.100.000 B Jinbe
86%
366 Nami
85%
930 M Nico Robin
83%
1000 Chopper
79%
383 M Brook
77%
1.390.000 B King
77%
1.057.000 B Charlotte Katakuri
76%
394 M Franky
76%
1.320.000 B Queen
76%
550 M Portgas D. Ace
71%
500 M Usopp
70%
1.659.000 B Boa Hancock
68%
340 M Don Quijote Doflamingo
67%
1.374.000 B Marco
67%
602 M Sabo
63%
1.000.000 B Jack
62%
296 M Bartholomew Kuma
56%
320 M Gecko Moria
55%
320 M Jewelry Bonney
52%
860 M Charlotte Carcker
51%
4.382.000 B Rayleigh
51%
200 M Killer
47%
320 M Basil Hawkins
45%
180 M Urouge
45%
700 M Charlotte Perospero
43%
300 M Capone Bege
42%
222 M X-drake
42%
350 Scratchmen Apoo
39%
3.980.000 B Kozuki Oden
36%
1.057.000 B Jesus Burgess
26%
75 M Mr 1
26%
32 M Mr 2
26%
300 M Cesar Colwn
25%
45 M Mr 3
25%
200 M Bartolomeo
24%
1.200.000 B Ben Beckmann
24%
330 M Cavendish
24%
300 M Charlotte Oven
24%
620 M Joz
24%
1.280.000 B Shiliew
24%
195 M Bellamy
23%
410 M Emporio Ivankov
18%
500 M Ener
18%
210 M Caribou
13%
70 M Perona
13%
91 M Kinemon
12%
16 M Koala
11%
200 M Don Quichotte Rossinante
6%
Aucun quiz correspondant
Distribution des résultats
% des personnes avec chaque résultat
Percentile par nombre de réponses
Votre historique - résultats
Vous n’avez pas pris ce quiz